Music Quiz

Random Music or Celebrity Quiz

Vogue Celebrities Quiz Stats

 Plays Quiz Updated Dec 18, 2019

Support Sporcle.
Go Orange.
Score 0/16 Timer 03:00
0 Plays Today
Celebrity % Correct
Marilyn Monroe
78.1%
Fred Astaire
61.4%
Grace Kelly
60.5%
Joe DiMaggio
59.1%
James Dean
58.9%
Ginger Rogers
56.2%
Marlon Brando
50.4%
Bette Davis
49.7%
Celebrity % Correct
Gene Kelly
49.6%
Greta Garbo
48.7%
Rita Hayworth
48.3%
Marlene Dietrich
43.9%
Jean Harlow
38.8%
Katharine Hepburn
31%
Lana Turner
20.7%
Lauren Bacall
20.6%

From the Vault

Emmy Nominated Series 2015

by tim_parr

And the nominees are...
Remove Ads.
Support Sporcle.
Get the best of Sporcle when you Go Orange. This ad-free experience offers more features, more stats, and more fun while also helping to support Sporcle. Thank you for becoming a member.

Show Comments

Extras

Top Quizzes Today


Score Distribution

Your Account Isn't Verified!

In order to create a playlist on Sporcle, you need to verify the email address you used during registration. Go to your Sporcle Settings to finish the process.

Report this User

Report this user for behavior that violates our Community Guidelines.

Details: